1782 1564 1902 1120 1915 1060 1795 1198 1951 1608 1450 1245 1416 1115 1932 1152 1698 1106 1512 1710 1396 1984 1408 1021 1299 1714 1405 1067 1211 1165 1008 1855 1034 1306 1187 1974 1786 1776 1137 1553 1426 1186 1226 1653 1437 1579 1135 1152 1395 1716 1474 1166 1645 1454 1739 1219 1274 1997 1659 1938 1467 1541 1950 1772 1151 1927 1176 1885 1035 1603 1345 1940 1227 1119 1586 1983 1573 1656 1217 1868 1916 1994 1888 1912 1217 1698 1336 1182 1574 1450 1358 1213 1958 1454 1297 1543 1116 1303 1415 BCNSPRNW ULIB Ver.6.0+V

เปลี่ยนเป็นภาษาไทย

Change to English
 แสดงรายละเอียดบรรณานุกรม
  กลับหน้าหลัก

Brief Record : Get Marc (ISO 2709) : E-mail record : QR code < ปิดหน้าต่าง
LEADER : 00000nam 2200000uu 4500
001    13399113243
003     ULIB
008    111004s2549||||th 000 0 tha d
020    9743236139
050  4 QH442.2^bป241ส 2549
100 0  ประเสริฐ ผลิตผลการพิมพ์
245 10 สเต็มเซลล์ ดีเอ็นเอและชีวจริยธรรม /^cประเสริฐ ผลิตผลการพิมพ์
250    พิมพ์ครั้งที่ 1
260    กรุงเทพฯ :^bมติชน,^c2549
300    123 หน้า :^bภาพประกอบ ;^c22 ซม.
650  4 การโคลนยีน
650  4 โคลนนิ่ง
650  4 เซลล์ต้นกำเนิด
945    ^p110^l0^i019252
995    ทศพร
999 ^a ทศพร
รายการนี้ยังไม่มีแท็ก
คุณยังไม่ได้ล็อกอิน คุณสามารถมีกิจกรรมร่วมกับเว็บไซต์ได้ แต่ต้องล็อกอินก่อน ::
  ล็อกอิน

รายการสื่อสารสนเทศ

ลำดับที่ ประเภท เลขเรียก/บาร์โค้ด สถานที่ สถานะ
- ไม่พบข้อมูล -

รายการใกล้เคียง
    ผู้แต่ง [ประเสริฐ ผลิตผลการพิมพ์]

    หัวเรื่อง [โคลนนิ่ง]
    หัวเรื่อง [เซลล์ต้นกำเนิด]

BibComment


ยังไม่เคยถูกคอมเมนท์

คอมเมนท์ทรัพยากรรายการนี้
  คอมเมนท์: สเต็มเซลล์ ดีเอ็น..


 Copyright 2026. Bcnsprnw @Library